00643nam a22001937a 4500010002900000020002300029020003200052035002700084037001300111037001600124082001100140100001600151245010800167260004200275270005100317300002800368500005000396700000300446 aENG-102783 B-464431-437 a0230637612c265.00 a9780230637610 (V.1)c265.00 aEN-86316 B-464431-437 bDBAD/PUB bK.K.Pub/Ven a954.02 aVipul Singh aInterpreting medieval India cby Vipul Singhbearly Medieval, Delhi Sultanate and regions (750-1550) / aNew DelhibMacmillan Publishersc2009 a2/10,Ansari Road, DaryaganjbNew Delhie110002 aV.1(420)p.c24cm (pbk)  aIncludes bibliographical references and index